00808nam a2200229 a 450000100060000000300090000600800410001501500210005602000150007704000280009208200160012010000380013624501870017426000330036130000200039449000280041460000340044265000160047665000220049265000290051465100350054324580CO-ViMGA141112s2004 ck r 000 u spa d ack - 1990 - xxxx a9586143163 aCO-ViMGAbspacCO-ViMGA04a923.9 A714e1 aArciniegas, Germán, 1900 - 199910aEl embajador : bvida de Guido Antonio, tío de Amerigo Vespucci : bFlorencia y Roma en tiempos de Colón, Vespucci, el Papa Sixto, Maquiavelo y Savonarola / cGermán Arciniegas aBogotá : bPlaneta, c1990 a260 p. ; 20 cm. aColección pensamiento aVespucci, Guido Antonio, 143614aBiografias 14aItalia - historia14aVespucci, Guido Antonio  aItalia - Historia - 476 - 1492